Gemeinden Landkreis Berchtesgadener Land - Statistiken

Allgemein
  • Dieses Quiz wurde 132 mal gespielt
  • Das Durchschnittsergebnis liegt bei 10 aus 15
Antwortstatistiken
Einwohner Gemeindeart Gemeinde % Korrekt
7.698 Marktgemeinde Berchtesgaden
97%
18.443 Große Kreisstadt Bad Reichenhall
94%
5.585 Gemeinde Schönau am Königsee
80%
17.147 Stadtgemeinde Freilassing
76%
1.700 Gemeinde Ramsau bei Berchtesgaden
69%
7.316 Stadtgemeinde Laufen
66%
5.444 Gemeinde Piding
62%
7.341 Gemeinde Bischofswiesen
61%
1.757 Marktgemeinde Marktschellenberg
59%
9.320 Marktgemeinde Teisendorf
55%
9.791 Gemeinde Ainring
54%
4.528 Gemeinde Anger
54%
1.284 Gemeinde Schneizlreuth
51%
3.056 Gemeinde Bayerisch Gmain
45%
5.519 Gemeinde Saaldorf-Surheim
41%
Keine übereinstimmenden Quizze gefunden
Verteilung der Resultate
Anzahl Personen mit jedem Resultat
Perzentil nach korrekt beantworteten Fragen
Ihre Resultats-Entwicklung
Sie haben dieses Quiz noch nicht gespielt